| 000 | 00483nam a2200157 a 4500 | ||
|---|---|---|---|
| 001 | 000045004 | ||
| 005 | 20201002045810.0 | ||
| 008 | 150128s1966 sp a 000 0 spa d | ||
| 040 |
_aDO-SdBNP _bspa _cBNPHU |
||
| 082 |
_axxx _bxxx |
||
| 100 | 1 |
_aTorres Juan, J. _973013 |
|
| 245 | 1 | 0 |
_aConservación de maderas en su aspecto práctico. / _cJ. Torres Juan. |
| 260 |
_aMadrid, : _bMinisterio de Agricultura, _c1966. |
||
| 300 |
_a101 p. : _bil. ; _c24 cm. |
||
| 504 | _aBibliografía p: 101 | ||
| 999 |
_c44493 _d44493 |
||